Operations in Waziristan, 1919-1920 / (Record no. 553081)
[ view plain ]
| 000 -LEADER | |
|---|---|
| fixed length control field | 00544cam a2200145 a 4500 |
| 082 0# - DEWEY DECIMAL CLASSIFICATION NUMBER | |
| Classification number | 954.912 |
| Author Mark | OPE |
| 110 1# - MAIN ENTRY--CORPORATE NAME | |
| Corporate name or jurisdiction name as entry element | India. |
| 9 (RLIN) | 39679 |
| 245 10 - TITLE STATEMENT | |
| Title | Operations in Waziristan, 1919-1920 / |
| Statement of responsibility, etc. | compiled by the General Staff, Army headquarters, India. |
| 260 ## - PUBLICATION, DISTRIBUTION, ETC. | |
| Place of publication, distribution, etc. | Calcutta : |
| Name of publisher, distributor, etc. | Supt. Govt. Print., |
| Date of publication, distribution, etc. | 1921. |
| 300 ## - PHYSICAL DESCRIPTION | |
| Extent | x, 187 p., [43] leaves of plates (some folded) : |
| Other physical details | ill., maps, port. ; |
| Dimensions | 26 cm. |
| 500 ## - GENERAL NOTE | |
| General note | Three folded maps in pocket. |
| 526 ## - STUDY PROGRAM INFORMATION NOTE | |
| Program name | 0 |
| Interest level | 0 |
| Reading level | 0 |
| Title point value | 954_912000000000000_OPE |
| 526 ## - STUDY PROGRAM INFORMATION NOTE | |
| Program name | 0 |
| Interest level | 0 |
| Reading level | 0 |
| Title point value | 954_912000000000000_OPE |
| 942 ## - ADDED ENTRY ELEMENTS (KOHA) | |
| Source of classification or shelving scheme | |
| Koha item type | Book |
| Withdrawn status | Lost status | Source of classification or shelving scheme | Damaged status | Not for loan | Permanent Location | Current Location | Shelving location | Date acquired | Total Checkouts | Full call number | Barcode | Date last seen | Price effective from | Koha item type |
|---|---|---|---|---|---|---|---|---|---|---|---|---|---|---|
| Military College of Engineering (MCE) | Military College of Engineering (MCE) | 01/29/2015 | 954.912 OPE | MCE-ECO/14.3 | 01/29/2015 | 01/29/2015 | Book | |||||||
| Military College of Engineering (MCE) | Military College of Engineering (MCE) | 01/29/2015 | 954.912 OPE | MCE-ECO/142 | 01/29/2015 | 01/29/2015 | Book |
